| 000 | 01175nam0a2200337 4500 | ||
|---|---|---|---|
| 001 | RU\NLR\BIBL_A\022104023 | ||
| 005 | 20240125155707.0 | ||
| 010 |
_a978-5-17-158931-8 _92000 |
||
| 021 |
_aRU _bКН-П-23-073998 _9КН-П-23-7484 |
||
| 035 | _a(NLR Aleph) 022104023 | ||
| 035 | _a(RuMoRGB)012372250 | ||
| 090 |
_a12755724 _c12755724 |
||
| 100 | _a20231228d2024 u y0rusy50 ca | ||
| 101 | 0 | _arus | |
| 102 | _aRU | ||
| 105 | _ay z 000yy | ||
| 181 | 0 |
_ai _baxxe |
|
| 182 | 0 | _an | |
| 200 | 1 |
_aНумерология - код жизни _eкак числа влияют на вашу судьбу _fАндрей Ткаленко |
|
| 203 |
_aТекст _bвизуальный _cнепосредственный |
||
| 210 |
_aМосква _cАСТ _d2023 (макет 2024) |
||
| 215 |
_a254 с. _d22 |
||
| 225 | 1 | _aЗнаки счастья и успеха | |
| 333 | _a16+ | ||
| 606 | 1 |
_aНумерология _92073670 _3RU\NLR\AUTH\661248595 |
|
| 686 | 1 | _aЭ391.219 | |
| 700 | 1 |
_7ca _8rus _aТкаленко _bА. _gАндрей _944741 _3RU\NLR\AUTH\7761811 |
|
| 942 | _cBOOK | ||
| 980 | _aNB | ||